000
00271nam a2200085Ia 4500
245
0
_a
Words, wit, and wonder : writing your own poem
100
_a
Loewen, Nancy, , 1964- Minneapolis, Minn., (-2009)
_9
82966
942
_c
BK
008
210817s9999 xx 000 0 und d
999
_c
301141
_d
301141